Voliči potvrdzujú dobrý výber kandidátov Bohaté bilancie i konkretizácie perspektív na predvolebných zhromaždeniach

Bibliographic Details
Format: Article
Language:Slovak
Subjects:

MARC

LEADER 00000nab a2200000 a 4500
001 vtls000084985
003 SK-MaSNL
005 20260303032042.0
008 111103c1981 xo 0 slo
015 |a SNBRB19rr/mm-uuuuu 
035 |a CL0095087 
040 |a SNKBUCL  |b slo  |c SNKBUCL  |e AACR2 
041 0 |a slo 
044 |a xo  |c SK 
080 |a 324  |2 1981 
080 |a 323(100-11)(437)  |2 1981 
245 0 0 |a Voliči potvrdzujú dobrý výber kandidátov  |b Bohaté bilancie i konkretizácie perspektív na predvolebných zhromaždeniach 
650 0 7 |a voľby  |2 snkbucl  |9 1580 
655 7 |a články z novín a časopisov  |2 snkbucl  |9 267496 
773 0 |t Pravda  |g Roč. 62, č. 113 (15. 5. 1981), s. 1-2 
850 |a Slovenská národná knižnica v Martine  |a MTA001 
852 |a SNK  |b KIS3GCP 
958 |a RK 
992 |a RBX 
999 |c 1661997  |d 1663927